000 01429cam a2200337 a 4500
999 _c234768
_d234768
001 13590677
003 Nust
005 20170330134115.0
008 040512s2005 nyu j 000 1 eng
010 _a 2004048548
020 _a9780316016667
040 _aDLC
_cDLC
_dDLC
042 _alcac
050 0 0 _aPZ7.S52823
_bKi 2005
082 0 0 _a823
_bSHA
100 1 _aShan, Darren.
245 1 0 _aKillers of the dawn /
_cby Darren Shan.
246 1 _iAt head of title:
_aCirque Du Freak
250 _a1st U.S. ed.
260 _aNew York :
_bLittle, Brown,
_c2005.
300 _a208 p. ;
_c22 cm.
490 1 _aThe saga of Darren Shan ;
_vbk. 9
500 _a"Cirque Du Freak."
520 _aAs his battles against the vampaneze continue, Darren Shan is framed as public enemy number one.
650 1 _aVampires
_vFiction.
650 1 _aHorror stories.
800 1 _aShan, Darren.
_tSaga of Darren Shan ;
_vbk. 9.
856 4 2 _3Contributor biographical information
_uhttp://www.loc.gov/catdir/enhancements/fy0742/2004048548-b.html
856 4 2 _3Publisher description
_uhttp://www.loc.gov/catdir/enhancements/fy0904/2004048548-d.html
906 _a7
_bcbc
_corignew
_d1
_eocip
_f20
_gy-gencatlg
942 _2ddc
_cBK